| 000 | 00361nam a2200145Ia 4500 | ||
|---|---|---|---|
| 008 | 230312s9999||||xx |||||||||||||| ||und|| | ||
| 020 | _a0-8151-1217-x | ||
| 082 |
_a616.3623 _bZUC-V |
||
| 100 | _aZuckerman;A,J | ||
| 245 | 0 | _aViral Hepatitics and Liver Disease | |
| 260 |
_bAlan _aNew york _c2003 |
||
| 300 | _a1136 | ||
| 650 |
_aMedical _vPathology |
||
| 942 | _cBK | ||
| 999 |
_c4871 _d4871 |
||